=LDR 00000nam 2200000 4500 =001 INLIS000000000022026 =005 20130612120827 =008 ***********************************ind** =035 ##$$0010-061300000022026 =041 ##$$a ind =082 ##$$a 398.209 =090 ##$$a 398.209, Com f =100 ##$$a Comber, Leon =245 ##$$a Favourite Stories From Malaysia, Leon Comber =260 ##$$a 1997 $b Bandung =300 ##$$a 57 hlm., illus., 20 cm =850 ##$$a NBPNMAT